Normal view MARC view

Entry Personal Name

Number of records used in: 3

001 - CONTROL NUMBER

  • control field: 54863

003 - CONTROL NUMBER IDENTIFIER

  • control field: dpl

005 - DATE AND TIME OF LATEST TRANSACTION

  • control field: 20130117141619.0

008 - FIXED-LENGTH DATA ELEMENTS

  • fixed length control field: 130117|||a|||||| | ||| d

040 ## - CATALOGING SOURCE

  • Original cataloging agency: dpl
  • Transcribing agency: dpl

100 ## - HEADING--PERSONAL NAME

  • Personal name: Bhattacharjee, Nirmal Kanti

670 ## - SOURCE DATA FOUND

  • Source citation: Work cat.: (dpl): Das, J. P. 54862, Complete plays /, 2012

670 ## - SOURCE DATA FOUND

  • Source citation: Work cat.: (dpl): Das, J. P. 54862, Complete plays /, 2012

© Delhi Public Library
Hit Counter
free hit counter